00936nam a2200229 a 450000100100000000500170001000800410002702000150006804000250008310000460010824000460015424500920020026000330029230000210032549000290034650000700037550000730044570000300051883000360054895201050058499900170068900004274320201002040350.0140206s1991 sp 000 0 spa d a8423320359 aDO-SdBNPbspacBNPHU1 aRubert de Ventós, Xavier,d1939-97005910aCortesà i el seu fantasma. Spanishleng13aEl Cortesano y su fantasma /cXavier Rubert de Ventós ; traducción de Mercè Rius. aBarcelona :bDestino,c1991. a260 p. ;c21 cm.1 aÁncora y delfínv671 aIncluye datos biográficos del autor en la solapa de la cubierta aIncluye referencias bibliográficas y notas al pie de las páginas12aRius, Mercèetr.970060 0aÁncora y delfínn671970061 001050718MOaGRbGRcCTd2014-02-06iLF1l0o p42743-10r2020-06-25w2020-06-25y1ZNo se presta c42232d42232